Normal view
MARC view
- Burrows,John P.
Entry Personal Name
001 - CONTROL NUMBER
- control field: 2259
003 - CONTROL NUMBER IDENTIFIER
- control field: NUST
005 - DATE AND TIME OF LATEST TRANSACTION
- control field: 20170608113616.0
008 - FIXED-LENGTH DATA ELEMENTS
- fixed length control field: 170608|| aca||aabn | a|a d
040 ## - CATALOGING SOURCE
- Original cataloging agency: NUST
- Transcribing agency: NUST
100 ## - HEADING--PERSONAL NAME
- Personal name: Burrows,John P.
670 ## - SOURCE DATA FOUND
- Source citation: Work cat.: (NUST): Burrows,John P., The Remote Sensing Of Tropospheric Composition From Space, 2011
